El contrato internacional de "joint venture" (Registro nro. 5511)
[ vista simple ]
| 000 -LEADER | |
|---|---|
| fixed length control field | 00854 a2200217 4500 |
| 001 - CONTROL NUMBER | |
| control field | 54350 |
| 005 - DATE AND TIME OF LATEST TRANSACTION | |
| control field | 20260407155815.0 |
| 008 - FIXED-LENGTH DATA ELEMENTS--GENERAL INFORMATION | |
| fixed length control field | 260407a1986 arg spa d |
| 003 - CONTROL NUMBER IDENTIFIER | |
| control field | AR-UNSa-BCEJYS |
| 040 ## - CATALOGING SOURCE | |
| Original cataloging agency | AR-UNSa-BCEJYS |
| Language of cataloging | spa |
| Transcribing agency | AR-UNSa-BCEJYS |
| 080 ## - UNIVERSAL DECIMAL CLASSIFICATION NUMBER | |
| Universal Decimal Classification number | 347.4 |
| Common auxiliary subdivision | Obligaciones. Contratos. Acuerdos. Convenios |
| 020 ## - INTERNATIONAL STANDARD BOOK NUMBER | |
| International Standard Book Number | 950-14-0098-0 |
| 100 1# - MAIN ENTRY--PERSONAL NAME | |
| Personal name | Astolfi, Andrea |
| 245 10 - TITLE STATEMENT | |
| Title | El contrato internacional de "joint venture" |
| 264 #1 - PRODUCTION, PUBLICATION, DISTRIBUTION, MANUFACTURE, AND COPYRIGHT NOTICE | |
| Place of production, publication, distribution, manufacture | Buenos Aires : |
| Name of producer, publisher, distributor, manufacturer | Ediciones Depalma |
| Date of production, publication, distribution, manufacture, or copyright notice | 1986 |
| 300 ## - PHYSICAL DESCRIPTION | |
| Extent | 86 p. |
| Dimensions | 23 cm. |
| 505 ## - FORMATTED CONTENTS NOTE | |
| Formatted contents note | 1. Los acuerdos de “joint venture “en el programa de inversiones externas – 2. Los tipos de “joint ventures” – 3. Los elementos generalmente recurrentes en los contratos internacionales de “joint venture” |
| 590 ## - LOCAL NOTE (RLIN) | |
| Local note | niveau_biblio:m niveau_hierar:0 |
| 700 1# - ADDED ENTRY--PERSONAL NAME | |
| Personal name | Moglia Claps, Guillermo |
| 942 ## - ADDED ENTRY ELEMENTS (KOHA) | |
| Koha item type | |
| Withdrawn status | Lost status | Damaged status | Not for loan | Home library | Current library | Shelving location | Date acquired | Total checkouts | Full call number | Barcode | Date last seen | Price effective from | Koha item type |
|---|---|---|---|---|---|---|---|---|---|---|---|---|---|
| Biblioteca Prof. Eusebio Cleto del Rey | Biblioteca Prof. Eusebio Cleto del Rey | 07/04/2026 | 347.4 A856 | L53965 | 07/04/2026 | 07/04/2026 | Libro |